| 000 | 00711cab a2200217 4500 | ||
|---|---|---|---|
| 001 | ABS53125 | ||
| 008 | 090401t1995 xxu||||| |||| 00| 0 eng d | ||
| 035 | _a(Sirsi) u2262 | ||
| 041 | _aeng | ||
| 100 | _aWalker, D.H.T. | ||
| 245 | 3 | _aAn investigation into construction time performance | |
| 260 | _c1995 | ||
| 350 | _a0 | ||
| 490 |
_aConstruction Management & Economics _v(1995) 13(3) 264-274(12) |
||
| 520 | _aResearch which identifies factors which influence construction time performance by way of a review of the literature and of benchmarking literature. | ||
| 650 | _aCONSTRUCTION INDUSTRY | ||
| 650 | _aPRODUCTIVITY | ||
| 690 |
_aProject management _96261 |
||
| 942 | _n0 | ||
| 948 | _c04/03/1997 | ||
| 999 |
_c1368 _d1368 |
||